Otros que levantan la mano : (Record no. 360)
[ view plain ]
| 000 -LEADER | |
|---|---|
| campo de control de longitud fija | 01805cam a2200385Ia 4500 |
| 001 - NÚMERO DE CONTROL | |
| campo de control | 10521169 |
| 005 - FECHA Y HORA DE LA ÚLTIMA TRANSACCIÓN | |
| campo de control | 20220326193305.0 |
| 008 - DATOS DE LONGITUD FIJA--INFORMACIÓN GENERAL | |
| campo de control de longitud fija | 130321s2011 cr b 000 0 spa d |
| 020 ## - NÚMERO INTERNACIONAL ESTÁNDAR DEL LIBRO | |
| Número Internacional Estándar del Libro | 9968474614 |
| 020 ## - NÚMERO INTERNACIONAL ESTÁNDAR DEL LIBRO | |
| Número Internacional Estándar del Libro | 9789968474610 |
| 035 ## - NÚMERO DE CONTROL DEL SISTEMA | |
| Número de control de sistema | (OCoLC)ocn830634804 |
| 035 ## - NÚMERO DE CONTROL DEL SISTEMA | |
| Número de control de sistema | (OCoLC)830634804 |
| Número de control cancelado/no válido | (OCoLC)829991632 |
| 035 ## - NÚMERO DE CONTROL DEL SISTEMA | |
| Número de control de sistema | (NNC)10521169 |
| 040 ## - FUENTE DE CATALOGACIÓN | |
| Centro catalogador/agencia de origen | AUM |
| Lengua de catalogación | eng |
| Centro/agencia transcriptor | AUM |
| Centro/agencia modificador | IXA |
| -- | STF |
| -- | OCLCO |
| 082 ## - NÚMERO DE LA CLASIFICACIÓN DECIMAL DEWEY | |
| Número de clasificación | 190 |
| Número de ítem | Z841o |
| 090 ## - LOCALMENTE ASIGNADO TIPO-LC NÚMERO DE CLASIFICACIÓN (OCLC); NÚMERO DE CLASIFICACIÓN LOCAL (RLIN) | |
| Número de clasificación (OCLC) (R) ; Numero de clasificación, CALL (RLIN) (NR) | PQ7539.2.D3 |
| Número cutter local (OCLC) ; Número de libro/Signatura topográfica íntegra, CALL (RLIN) | Z83 2011 |
| 100 ## - ENTRADA PRINCIPAL--NOMBRE DE PERSONA | |
| Nombre de persona | Mario Zúñiga Núñez, Camilo Retana, Roberto Herrera ; editor, Camilo Retana. |
| 9 (RLIN) | 1706 |
| 110 ## - ENTRADA PRINCIPAL--NOMBRE DE ENTIDAD CORPORATIVA | |
| Nombre de entidad corporativa o nombre de jurisdicción como elemento de entrada | Editorial Arlekin |
| 9 (RLIN) | 1707 |
| 245 00 - MENCIÓN DEL TÍTULO | |
| Título | Otros que levantan la mano : |
| Resto del título | tres ensayos sobre Roque Dalton / |
| Mención de responsabilidad, etc. | Mario Zúñiga Núñez, Camilo Retana, Roberto Herrera ; editor, Camilo Retana. |
| 250 ## - MENCION DE EDICION | |
| Mención de edición | 1. ed. |
| 260 ## - PUBLICACIÓN, DISTRIBUCIÓN, ETC. | |
| Lugar de publicación, distribución, etc. | San José, Costa Rica : |
| Nombre del editor, distribuidor, etc. | Editorial Arlekín, |
| Fecha de publicación, distribución, etc. | 2011. |
| 300 ## - DESCRIPCIÓN FÍSICA | |
| Extensión | 86 p. ; |
| Dimensiones | 21 cm. |
| 490 1# - MENCIÓN DE SERIE | |
| Mención de serie | Colección auténticos apócrifos |
| 504 ## - NOTA DE BIBLIOGRAFÍA, ETC. | |
| Nota de bibliografía, etc. | Includes bibliographical references. |
| 505 0# - NOTA DE CONTENIDO CON FORMATO | |
| Nota de contenido con formato | "Pensar a solas duele" -- Para reír de humanidad (acerca de las instituciones en cuatro escritos de Roque Dalton / Mario Zúñiga Núñez -- El Carlos Marx de Roque Dalton (o sobre el Marx responsable "de la felicidad que sigue caminando" / Camilo Retana -- La herida colonial y la cultura revolucionaria: leer a Roque Dalton / Roberto Herrera -- Sobre los autores. |
| 600 10 - PUNTO DE ACCESO ADICIONAL DE MATERIA--NOMBRE DE PERSONA | |
| Nombre de persona | Dalton, Roque, |
| Fechas asociadas al nombre | 1935-1975 |
| Subdivisión general | Criticism and interpretation. |
| 9 (RLIN) | 1708 |
| 600 10 - PUNTO DE ACCESO ADICIONAL DE MATERIA--NOMBRE DE PERSONA | |
| Nombre de persona | Marx, Karl, |
| Fechas asociadas al nombre | 1818-1883. |
| 9 (RLIN) | 1709 |
| 653 ## - TÉRMINO DE INDIZACIÓN--NO CONTROLADO | |
| Término no controlado | Authors |
| -- | El Salvador |
| -- | 20th century |
| -- | Criticism |
| -- | Interpretation |
| 700 1# - ENTRADA AGREGADA--NOMBRE PERSONAL | |
| Nombre de persona | Zúñiga Núñez, Mario, |
| Fechas asociadas al nombre | 1979- |
| 9 (RLIN) | 1710 |
| 700 1# - ENTRADA AGREGADA--NOMBRE PERSONAL | |
| Nombre de persona | Retana, Camilo. |
| 9 (RLIN) | 1711 |
| 700 1# - ENTRADA AGREGADA--NOMBRE PERSONAL | |
| Nombre de persona | Herrera, Roberto. |
| 9 (RLIN) | 1712 |
| 830 #0 - PUNTO DE ACCESO ADICIONAL DE SERIE-TÍTULO UNIFORME | |
| Título uniforme | Colección auténticos apócrifos. |
| 9 (RLIN) | 1713 |
| 948 1# - PROCESAMIENTO DE INFORMACIÓN LOCAL (OCLC); DESIGNADOR DE PARTE DE LA SERIE (RLIN) | |
| Designador de la parte de la serie, SPT (RLIN) | 20131029 |
| b (OCLC) | c |
| c (OCLC) | dc21 |
| d (OCLC) | MPS |
| Estatus retirado | Estado de pérdida | Fuente del sistema de clasificación o colocación | Estado de daño | No para préstamo | Biblioteca de origen | Biblioteca actual | Ubicación en estantería | Fecha de adquisición | Total de préstamos | Signatura topográfica completa | Código de barras | Visto por última vez | Precio de reemplazo | Tipo de ítem Koha |
|---|---|---|---|---|---|---|---|---|---|---|---|---|---|---|
| Clasificación Decimal Dewey | Biblioteca LadoV | Biblioteca LadoV | 21/11/2014 | 190 Z841o | 000552 | 21/11/2014 | 21/11/2014 | Material 01 |
